000 01470nam a2200361 a 4500
001 ebr10575553
003 CaPaEBR
006 m u
007 cr cn|||||||||
008 800730s1980 ne a sb 101 0 eng d
010 _z 80020318
020 _z0444901590 (Elsevier/North-Holland)
020 _z9021940841 (Excerpia Medica)
020 _z9780470663899
020 _z9780470718292 (e-book)
040 _aCaPaEBR
_cCaPaEBR
035 _a(OCoLC)648212605
050 1 4 _aQP121
_b.S96 1980eb
082 0 4 _a599.01/21
_219
111 2 _aSymposium on Metabolic Functions of the Lung
_d(1980 :
_cLondon, England)
245 1 0 _aMetabolic activities of the lung
_h[electronic resource].
260 _aAmsterdam ;
_aNew York :
_bExcerpta Medica ;
_aNew York, N.Y. :
_bElsevier/North-Holland,
_c1980.
300 _aix, 401 p. :
_bill.
490 1 _aCiba Foundation symposium ;
_v78 (new ser.)
504 _aIncludes bibliographical references and indexes.
533 _aElectronic reproduction.
_bPalo Alto, Calif. :
_cebrary,
_d2011.
_nAvailable via World Wide Web.
_nAccess may be limited to ebrary affiliated libraries.
650 0 _aLungs
_vCongresses.
650 0 _aMetabolism
_vCongresses.
655 7 _aElectronic books.
_2local
710 2 _aebrary, Inc.
830 0 _aCiba Foundation symposium ;
_vnew ser. 78.
856 4 0 _uhttp://site.ebrary.com/lib/rucke/Doc?id=10575553
_zAn electronic book accessible through the World Wide Web; click to view
999 _c78193
_d78193